Growing farmers' markets (Record no. 115310)
[ view plain ]
| 000 -LEADER | |
|---|---|
| fixed length control field | 01602cad a2200277 4500 |
| 001 - CONTROL NUMBER | |
| control field | L158446 |
| 008 - FIXED-LENGTH DATA ELEMENTS--GENERAL INFORMATION | |
| fixed length control field | 100215n2014 000 0 eng u |
| 035 ## - SYSTEM CONTROL NUMBER | |
| System control number | (Sirsi) u158446 |
| 041 ## - LANGUAGE CODE | |
| Language code of text/sound track or separate title | eng |
| 110 2# - MAIN ENTRY--CORPORATE NAME | |
| Corporate name or jurisdiction name as entry element | Royal Institution of Chartered Surveyors |
| 9 (RLIN) | 4900 |
| 245 00 - TITLE STATEMENT | |
| Title | Growing farmers' markets |
| Remainder of title | What are the factors that impact on participation by local producers? |
| Medium | [electronic resource] |
| 260 ## - PUBLICATION, DISTRIBUTION, ETC. | |
| Place of publication, distribution, etc. | London |
| Name of publisher, distributor, etc. | RICS |
| Date of publication, distribution, etc. | 2014 |
| 490 #0 - SERIES STATEMENT | |
| Series statement | RICS Research |
| 520 ## - SUMMARY, ETC. | |
| Summary, etc. | Investigates the barriers to participation in farmers? markets by the wider farming community in South Australia (SA) with a particular focus on small to medium sized primary producers. Key findings of the research are excessive bureaucracy and form filling, perceived high cost of market insurance and stall fees, difficulties attached to regular and sufficient supply of produce, extra time commitment and need for more staff. Issues in participation are not the same for every farmer. Producer comments allude to stretched time commitments, restrictive market regulations and practices, limitations on produce type and for older farmers, lack of interest in new ventures. |
| 650 24 - SUBJECT ADDED ENTRY--TOPICAL TERM | |
| Topical term or geographic name entry element | FOOD PRODUCERS |
| 650 24 - SUBJECT ADDED ENTRY--TOPICAL TERM | |
| Topical term or geographic name entry element | AGRICULTURAL SYSTEMS |
| 650 24 - SUBJECT ADDED ENTRY--TOPICAL TERM | |
| Topical term or geographic name entry element | COMMUNITY |
| 650 24 - SUBJECT ADDED ENTRY--TOPICAL TERM | |
| Topical term or geographic name entry element | FARMERS' MARKETS |
| 651 #4 - SUBJECT ADDED ENTRY--GEOGRAPHIC NAME | |
| Geographic name | Australia |
| 690 ## - LOCAL SUBJECT ADDED ENTRY--TOPICAL TERM (OCLC, RLIN) | |
| Topical term or geographic name as entry element | Rural |
| 9 (RLIN) | 6268 |
| 700 1# - ADDED ENTRY--PERSONAL NAME | |
| Personal name | Kuppke, Valerie |
| 700 1# - ADDED ENTRY--PERSONAL NAME | |
| Personal name | Page, Geoff |
| 710 1# - ADDED ENTRY--CORPORATE NAME | |
| Corporate name or jurisdiction name as entry element | University of South Australia |
| 856 48 - ELECTRONIC LOCATION AND ACCESS | |
| Uniform Resource Identifier | <a href="https://www.propertyresearchtrust.org/uploads/1/3/4/8/134819607/growing_farmers_markets.pdf">https://www.propertyresearchtrust.org/uploads/1/3/4/8/134819607/growing_farmers_markets.pdf</a> |
| Public note | View the item free of charge from www.rics.org |
| 942 ## - ADDED ENTRY ELEMENTS (KOHA) | |
| Suppress in OPAC | 0 |
| Source of classification or shelving scheme | Dewey Decimal Classification |
| Withdrawn status | Lost status | Damaged status | Not for loan | Home library | Current library | Shelving location | Date acquired | Total Checkouts | Full call number | Date last seen | Copy number | Price effective from | Koha item type |
|---|---|---|---|---|---|---|---|---|---|---|---|---|---|
| Virtual | Virtual | Online | 26/02/2015 | SCAN | 02/02/2024 | 1 | 06/08/2019 | Online material |